| 000 | 00750nam a22002057a 4500 | ||
|---|---|---|---|
| 999 |
_c21101 _d21101 |
||
| 003 | AR-CdUCM | ||
| 008 | 190507b ||||| |||| 00| 0 spa d | ||
| 040 |
_aMUNICIPALIDAD PROVINCIAL DEL CUSCO _cBIBLIOTECA MUNICIPAL DEL CUSCO |
||
| 082 |
_a868.51 / _bAL35 |
||
| 100 |
_aAlarcon, Pedro A. de _937129 |
||
| 245 |
_aEl capitán veneno : _by el sombrero de tres picos / |
||
| 260 |
_aBuenos Aires : _bSopena, _c1973. |
||
| 300 |
_a191 páginas ; _c22 cm. |
||
| 505 | _aContenido: Heridas en el cuerpo -- Vida del hombre malo -- Heridas en el alma -- De potencia a potencia -- El sombrero de tres picos. | ||
| 650 |
_aLiteratura Española _943981 |
||
| 650 |
_aSiglo XX _98 |
||
| 650 |
_aNovela _95 |
||
| 942 |
_2ddc _cLIBROS |
||
| 945 |
_aachl _d2019-05-07 |
||